000
00311nam a2200109Ia 4500
008
201210s9999 xx 000 0 und d
100
_a
Harbord, Rev. J.B.
245
0
_a
Glossary of Navigation; A Vade mecum for practical navigators
260
_a
Glasgow
_b
Brown Son & Ferguson
_c
1977
300
_a
451
942
_c
BK
999
_c
5237
_d
5237